=LDR 00000nam 2200000 4500 =001 INLIS000000000019768 =005 20221011084832 =035 ##$$a 0010-061300000019768 =008 221011################g##########0#ind## =041 ##$$a Ind =082 ##$$a R.001.02 =090 ##$$a R.001.02, Gui g =245 ##$$a Guinness rekaman rekor dunia /$c Norris McWhirter, terjemahan ; Anton Adi Wijoyo =260 ##$$a Jakarta :$b Gramedia,$c 1980 =300 ##$$a viii,1006 hlm. : $b ilus. ; $c 18 x 11 cm. =650 #4$$a Guinnes =850 ##$$a NBPNMAT =084 ##$$a R.001.02 GUI =250 ##$$a cet, 1 =700 #$$a Norris McWhirter =700 #$$a Anton Adi Wijoyo =990 ##$$a 00045705 =990 ##$$a 17.109/pro-83 =990 ##$$a 27.104/Hd-85